Empresas políticas o Idea de un príncipe político cristiano (Record no. 188227)

MARC details
000 -LEADER
campo de control de longitud fija 01210nam a2200277 i 4500
001 - NÚMERO DE CONTROL
campo de control 188227
003 - IDENTIFICADOR DE NÚMERO DE CONTROL
campo de control ES-MaACL
005 - FECHA Y HORA DE LA ÚLTIMA TRANSACCIÓN
campo de control 20250730204405.0
008 - DATOS DE LONGITUD FIJA--INFORMACIÓN GENERAL
campo de control de longitud fija 180625s1845 sp a |||| | spa d
080 ## - NÚMERO DE LA CLASIFICACIÓN DECIMAL UNIVERSAL
Número de la Clasificación Decimal Universal 172.2
080 ## - NÚMERO DE LA CLASIFICACIÓN DECIMAL UNIVERSAL
Número de la Clasificación Decimal Universal 32
100 1# - ENTRADA PRINCIPAL--NOMBRE DE PERSONA
Nombre de persona Saavedra Fajardo, Diego de.
9 (RLIN) 101141
245 10 - MENCIÓN DEL TÍTULO
Título Empresas políticas o Idea de un príncipe político cristiano
Resto del título : representada en cien empresas.
Número de parte o sección de la obra I /
Mención de responsabilidad, etc. por D. Diego de Saavedra Fajardo.
246 3# - FORMA VARIANTE DEL TITULO
Título propio/Titulo breve Idea de un príncipe político cristiano
260 ## - PUBLICACIÓN, DISTRIBUCIÓN, ETC.
Lugar de publicación, distribución, etc. Barcelona :
Nombre del editor, distribuidor, etc. Juan Oliveres,
Fecha de publicación, distribución, etc. 1845.
300 ## - DESCRIPCIÓN FÍSICA
Extensión 1 v. (XVII, 362, 10 p.) ;
Dimensiones 16 cm.
490 1# - MENCIÓN DE SERIE
Mención de serie Tesoro de autores ilustres ;
Designación de volumen o secuencia 39
530 ## - NOTA DISPONIBLE DE FORMULARIO FÍSICO ADICIONAL
Nota de formato físico adicional disponible Disponible en formato digital.
597 ## - NOTA DE DESCRIPCIÓN FÍSICA
NOTA DE DESCRIPCIÓN FÍSICA Las últimas 10 p. son de propaganda ed. sobre la colección.
650 ## - PUNTO DE ACCESO ADICIONAL DE MATERIA--TÉRMINO DE MATERIA
Término de materia o nombre geográfico como elemento de entrada Educación de príncipes-
Subdivisión de forma Obras anteriores a 1800.
9 (RLIN) 141555
650 #7 - PUNTO DE ACCESO ADICIONAL DE MATERIA--TÉRMINO DE MATERIA
Término de materia o nombre geográfico como elemento de entrada Ética política-
Subdivisión de forma Obras anteriores a 1800.
9 (RLIN) 138374
830 10 - PUNTO DE ACCESO ADICIONAL DE SERIE-TÍTULO UNIFORME
Título uniforme Tesoro de autores ilustres
Designación de volumen o secuencia 39
9 (RLIN) 188006
852 ## - LOCALIZACIÓN
Ubicación ES-MaACL
Número de control de estantería L-32087
Nota libre - Donat. herederos de la bibl. de Mª del Pilar Costa Palacín
856 ## - LOCALIZACIÓN Y ACCESO ELECTRÓNICOS
Identificador Uniforme de Recursos <a href="https://bibliotecadigital.carm.es/registro/00000184 ">https://bibliotecadigital.carm.es/registro/00000184 </a>
Nota pública Biblioteca Digital de la Región de Murcia
Holdings
Estatus retirado Estado de pérdida Estado de daño No para préstamo Colección Biblioteca de origen Biblioteca actual Ubicación en estantería Fecha de adquisición Fuente de adquisición Total de préstamos Signatura topográfica completa Código de barras Visto por última vez Precio de reemplazo Tipo de ítem Koha
        Colección digital Biblioteca del Ateneo de Madrid Biblioteca del Ateneo de Madrid Depósito 2 25/06/2018     L-32087 1199036 23/02/2023 23/02/2023 Libro impreso antiguo